Development finance companies (Record no. 39975)

MARC details
000 -LEADER
fixed length control field 00601nam a2200181 a 4500
008 - FIXED-LENGTH DATA ELEMENTS--GENERAL INFORMATION
fixed length control field 120416s1968 ||||||||||||||||| || u
050 ## - LIBRARY OF CONGRESS CALL NUMBER
Classification number HG 4517 Dia
100 ## - MAIN ENTRY--PERSONAL NAME
Personal name Diamond, William
245 10 - TITLE STATEMENT
Title Development finance companies
246 ## - VARYING FORM OF TITLE
Title proper/short title aspects of policy and operations
260 ## - PUBLICATION, DISTRIBUTION, ETC.
Place of publication, distribution, etc. Baltimore
Name of publisher, distributor, etc. World Bank
Date of publication, distribution, etc. 1968
300 ## - PHYSICAL DESCRIPTION
Extent vi, 119p.
350 ## - PRICE (NR) (BK AM CF MU VM SE) [OBSOLETE]
Price 0.00
700 ## - ADDED ENTRY--PERSONAL NAME
Personal name Mathew, P. M
700 ## - ADDED ENTRY--PERSONAL NAME
Personal name Kuiper, E. T
700 ## - ADDED ENTRY--PERSONAL NAME
Personal name Gustafson, Douglas
995 ## - RECOMMENDATION 995 [LOCAL, UNIMARC FRANCE]
-- 0.00
-- CBU-MAIN LIBRARY (Kitwe)
-- 1
-- 0.00
-- 1
-- DAMAGED
-- Main Library Open Access Collection
Holdings
Withdrawn status Lost status Source of classification or shelving scheme Damaged status Not for loan Home library Current library Shelving location Date acquired Total Checkouts Full call number Barcode Date last seen Price effective from Koha item type
          CBU-MAIN LIBRARY, KITWE. CBU-MAIN LIBRARY, KITWE.   11/30/2022   HG 4517 Dia 007526 11/30/2022 11/30/2022 MONOGRAPH